Statistics for Countries With Double Letters

Click here to take the quiz!

General Stats

  • This quiz has been taken 48 times
    (12 since last reset)
  • The average score is 11 of 13

Answer Stats

Answer% Correct
Marshall Islands
100%
Andorra
100%
Morocco
100%
Philippines
100%
Russia
100%
St Kitts and Nevis
100%
Sierra Leone
100%
Greece
75%
Guinea-Bissau
75%
Cameroon
63%
Seychelles
63%
Antigua and Barbuda
38%
Bosnia and Herzegovina
38%

Score Distribution

Percentile by Number Answered

Percent of People with Each Score

Your Score History

You have not taken this quiz since the last reset